<?xml version="1.0" encoding="UTF-8"?>
<marc:record xmlns:marc="http://www.loc.gov/MARC21/slim">
   <marc:leader>00000nam a2200000 a 4500</marc:leader>
   <marc:datafield ind1="1" ind2=" " tag="100">
      <marc:subfield code="a">Innerhofer, Georg</marc:subfield>
      <marc:subfield code="4">aut</marc:subfield>
      <marc:subfield code="e">Verfasser/-in</marc:subfield>
   </marc:datafield>
   <marc:datafield ind1=" " ind2=" " tag="653">
      <marc:subfield code="a">Softcover / Ratgeber/Essen</marc:subfield>
   </marc:datafield>
   <marc:datafield ind1=" " ind2=" " tag="653">
      <marc:subfield code="a">Trinken/Getränke</marc:subfield>
   </marc:datafield>
   <marc:datafield ind1=" " ind2=" " tag="653">
      <marc:subfield code="a">Sirup</marc:subfield>
   </marc:datafield>
   <marc:datafield ind1=" " ind2=" " tag="653">
      <marc:subfield code="a">Fruchtsäfte</marc:subfield>
   </marc:datafield>
   <marc:datafield ind1=" " ind2=" " tag="653">
      <marc:subfield code="a">Obstverarbeitung</marc:subfield>
   </marc:datafield>
   <marc:datafield ind1=" " ind2=" " tag="653">
      <marc:subfield code="a">Nektar</marc:subfield>
   </marc:datafield>
   <marc:datafield ind1=" " ind2=" " tag="653">
      <marc:subfield code="a">Gelee</marc:subfield>
   </marc:datafield>
   <marc:datafield ind1=" " ind2=" " tag="653">
      <marc:subfield code="a">Kochbuch</marc:subfield>
   </marc:datafield>
   <marc:datafield ind1="0" ind2="0" tag="245">
      <marc:subfield code="a">Obstsäfte, Sirup &amp; Nektar aus Früchten, Blüten &amp; Kräutern</marc:subfield>
   </marc:datafield>
   <marc:datafield ind1="0" ind2="0" tag="245">
      <marc:subfield code="b">mit Limonaden</marc:subfield>
   </marc:datafield>
   <marc:datafield ind1="0" ind2="0" tag="245">
      <marc:subfield code="c">Georg Innerhofer</marc:subfield>
   </marc:datafield>
   <marc:datafield ind1=" " ind2="1" tag="264">
      <marc:subfield code="a">Graz</marc:subfield>
      <marc:subfield code="b">Leopold Stocker Verlag</marc:subfield>
   </marc:datafield>
   <marc:datafield ind1="1" ind2=" " tag="490">
      <marc:subfield code="a">Praxis</marc:subfield>
   </marc:datafield>
   <marc:datafield ind1="1" ind2=" " tag="520">
      <marc:subfield code="a">Frisch gepresste Säfte sind reich an Nährstoffen und frei von künstlichen Zusatzstoffen. Besonders in veganer Ernährung und Detox-Kuren sind Säfte beliebt, ihre leuchtenden Farben ein Hingucker auf den sozialen Medien. Ob als alkoholfreies Mischgetränk, als Basis für Cocktails oder zur Verfeinerung von Desserts – dieses Buch vereint das Wissen über selbstgemachte Säfte, Sirups und Nektare aus heimischen Gärten und der uns umgebenden Natur.

Ein Buch über Säfte muss mehr bieten als eine reine Rezeptsammlung, darum widmet sich der Autor allen Aspekten der Herstellung: Die benötigte Ausrüstung, klassische und alternative Zutaten, Haltbarmachung und Haltbarkeit sowie Fehlervermeidung und Fehlerkorrektur sind von großer Wichtigkeit. Der Informationsteil hilft, die Hintergründe der Saftherstellung bzw. die Zutatenlisten gekaufter Getränke zu verstehen. Die Rezepte sind sowohl für Einsteiger als auch für erfahrene Safthersteller gedacht und verstehen sich als Inspiration und Grundlage für kulinarische Geschmacksreisen.
</marc:subfield>
   </marc:datafield>
   <marc:datafield ind1=" " ind2=" " tag="020">
      <marc:subfield code="a">9783702023041</marc:subfield>
      <marc:subfield code="9">9783702023041</marc:subfield>
   </marc:datafield>
   <marc:datafield ind1=" " ind2=" " tag="020">
      <marc:subfield code="a">3702023046</marc:subfield>
      <marc:subfield code="9">3702023046</marc:subfield>
   </marc:datafield>
   <marc:datafield ind1=" " ind2=" " tag="041">
      <marc:subfield code="a">ger</marc:subfield>
   </marc:datafield>
   <marc:datafield ind1=" " ind2=" " tag="300">
      <marc:subfield code="a">184 Seiten</marc:subfield>
   </marc:datafield>
</marc:record>
